Word Ladder: Living Dangerously Quiz Stats

 Plays Quiz not verified by Sporcle

Support Sporcle.
Go Orange.
Score 0/12 Timer 01:30
10 Plays Today
Hint Answer % Correct
3-Letter LadderTON
90.7%
4-Letter LadderLAST
89.3%
3-Letter LadderTIN
86.2%
3-Letter LadderTIE
84.9%
4-Letter Ladder▲FAST▲
83.1%
4-Letter LadderLASE
81.3%
4-Letter Ladder■LANE■
73%
4-Letter LadderLINE
72.4%
3-Letter Ladder▼INN▼
67.2%
3-Letter LadderION
62.9%
3-Letter Ladder◄THE◄
45.5%
4-Letter Ladder►LIFE►
45.3%

You're not logged in!

Compare scores with friends on all Sporcle quizzes.
OR
Log In

From the Vault

Capital Cities of South America

by aika

This won't help you make any capital gains though.
Remove Ads.
Support Sporcle.
Get the best of Sporcle when you Go Orange. This ad-free experience offers more features, more stats, and more fun while also helping to support Sporcle. Thank you for becoming a member.

Show Comments

Extras

Top Quizzes Today


Score Distribution

Your Account Isn't Verified!

In order to create a playlist on Sporcle, you need to verify the email address you used during registration. Go to your Sporcle Settings to finish the process.

Report this User

Report this user for behavior that violates our Community Guidelines.

Details: